000 00962nam0a22002531 4500
001 rc\6550
005 20250620112307.0
010 _a5-215-00116-2
_9250
035 _a(NLR Aleph) 005296323
090 _a6242731
_c6242731
100 _a20021204d1995 |||y0rusy50 ca
101 0 _arus
102 _aRU
105 _aa |||||||||
200 1 _aАнализ деятельности конкурентов
_eУчеб. пособие для студентов спец. "Менеджмент" 061100 специализации "Инновац. менеджмент" 061112
_fГос. акад. управления им. С. Орджоникидзе
210 _aМ.
_cГАУ
_d1995
215 _a75 с.
_cграф.
_d20
300 _aБиблиогр.: с. 73-74 (35 назв.)
700 1 _aАзоев
_bГ.Л.
_gГеннадий Лазаревич
801 0 _aRU
_bNLR
_gpsbo
801 1 _aRU
_bELAR
_2rusmarc
852 _aNLR
_j95-4/8982
942 _cBOOK
980 _aNB